| 000 | 00858cam a2200277 a 4500 | ||
|---|---|---|---|
| 005 | 20260322212038.0 | ||
| 008 | data | ||
| 010 | _a 74031617 | ||
| 020 |
_a0873581385 : _c{dollar}7.50 |
||
| 020 |
_a9780873581387 : _c{dollar}7.50 |
||
| 040 |
_aDLC _cDLC _dDLC |
||
| 043 | _an-ust-- | ||
| 050 | 0 | 0 |
_aE99.N3 _bD34 _9PIMC |
| 082 | 0 | 0 | _a746.7/2 |
| 092 | _a746.7 D34 1975 | ||
| 100 | 1 | _aDedera, Don. | |
| 245 | 1 | 0 |
_aNavajo rugs : _bhow to find, evaluate, buy, and care for them / _cDon Dedera. |
| 250 | _a1st ed. | ||
| 260 |
_a[Flagstaff, Ariz.] : _bNorthland Press, _cc1975. |
||
| 300 |
_axii, 114 p., [1] leaf of plates : _bill. (some col.) ; _c24 cm. |
||
| 500 | _aIncludes index. | ||
| 504 | _aBibliography: p. 111. | ||
| 650 | 0 |
_aNavajo rugs _xCollectors and collecting. |
|
| 650 | 0 |
_aNavajo rugs _xCollectors and collecting _zUnited States. |
|
| 001 | data | ||
| 999 |
_c898 _d898 |
||